| 000 | 01520cam a22001814a 4500 | ||
|---|---|---|---|
| 005 | 20250605164355.0 | ||
| 008 | 250528s ||||||||||||||||||||||||d | ||
| 035 | _a24269 | ||
| 040 |
_aGR-AtMCL _bgre _dGR-AtMCL _eAACR2 |
||
| 245 | 1 | _aΧρήμα / Πράσινες Κατασκευές: Κερδίζουν Έδαφος - Συγκεντρώνουν το Μεγαλύτερο Αγοραστικό Ενδιαφέρον | |
| 260 |
_bEthos Media, _c2021 |
||
| 300 | _a80 | ||
| 520 | _aΑπολογισμός Greek Exports & Awards 2020: Όλος ο Κόσμος των Εξαγωγέων στο Ετήσιο Ραντεβού, Πράσινες Κατασκευές: Κερδίζουν Έδαφος - Συγκεντρώνουν το Μεγαλύτερο Αγοραστικό Ενδιαφέρον, Απολογισμός Επιχειρηματικά Βραβεία Χρήμα: Ανέδειξαν για 18η Χρονιά τους Άριστους του Ελληνικού Χρηματιστηρίου, Απολογισμός Coffee Business Awards: Επιβράβευσαν τις Προσπάθειες των Επιχειρήσεων Καφέ σε Συνθήκες Πανδημίας, Εν Αρχή: ΧΑ - Συστράτευση για την Αναβάθμιση, Ανάλυση VRS: SWITCH, Δια Ταύτα: Με Αφορμή το 2ο Συνέδριο Επαγγελματικής Ασφάλισης. | ||
| 700 | 1 |
_aΟυζούνη Κωνσταντίνος _99441 |
|
| 942 | _cCR | ||
| 999 |
_c9159 _d9159 |
||